| 000 | 01148nam a22002177a 4500 | ||
|---|---|---|---|
| 005 | 20120310104450.0 | ||
| 008 | 100209t xxu||||| |||| 00| 0 hin d | ||
| 020 | _c80.00 | ||
| 035 | _aB-179933 | ||
| 037 |
_a _b वितरक |
||
| 040 |
_adpl _bHindi |
||
| 082 | _a301 | ||
| 245 |
_aसिविल सेवा मुख्य परीक्षा समाजशास्त्रः _cएन.एन. ओझा द्वारा संपादित _bप्रश्नोत्तर रुप में / |
||
| 260 |
_aनोएडा _bक्रानिकल बुक्स _c2005 |
||
| 270 |
_aए-26, सेक्टर-2, _bनोएडा _e201301 |
||
| 300 |
_aवि.पृ. _c24सेमी.(अजिल्द) |
||
| 700 |
_aओझा, एन.एन. _943683 |
||
| 942 |
_2ddc _cHN _mसिविल _h301 |
||
| 999 |
_c63945 _d63945 |
||